Vatikán a druhá světová válka
| Titel: | Vatikán a druhá světová válka / Marek Šmíd, Tomáš Petráček |
|---|---|
| Verfasser: | ; |
| Ausgabe: | 1. vydaní |
| Veröffentlicht: | Brno : Centrum pro studium demokracie a kultury, 2021 |
| Umfang: | 163 Seiten : Porträts ; 20 cm |
| Format: | Buch |
| Sprache: | Tschechisch |
| ISBN: | 9788073255183 |
| Hinweise zum Inhalt: |
Inhaltsverzeichnis
Buch Bibliographie Cover Register Abstract |
alg: 48080537 001A $03004:28-06-21 001B $01999:14-11-25 $t09:56:01.000 001D $03004:26-10-21 001U $0utf8 001X $00 002@ $0Aau 002C $aText $btxt $2rdacontent 002D $aohne Hilfsmittel zu benutzen $bn $2rdamedia 002E $aBand $bnc $2rdacarrier 003@ $0480805377 004A $A978-80-7325-518-3 007A $0480805377 $aHEB 007G $0DE020180CF6CD5FE11354C125879F003C68FC 009P $qapplication/pdf $A2 $3Inhaltsverzeichnis $uhttp://scans.hebis.de/HEBCGI/show.pl?48080537_toc.pdf $mV:DE-603;B:DE-Mb50 009P $qapplication/pdf $A2 $3Buch Bibliographie $uhttp://scans.hebis.de/HEBCGI/show.pl?48080537_bib.pdf $mV:DE-603;B:DE-Mb50 009P $qapplication/pdf $A2 $3Cover $uhttp://scans.hebis.de/HEBCGI/show.pl?48080537_cov.pdf $mV:DE-603;B:DE-Mb50 009P $qapplication/pdf $A2 $3Register $uhttp://scans.hebis.de/HEBCGI/show.pl?48080537_idx.pdf $mV:DE-603;B:DE-Mb50 009P $qapplication/pdf $A2 $3Abstract $uhttp://scans.hebis.de/HEBCGI/show.pl?48080537_sum.pdf $mV:DE-603;B:DE-Mb50 010@ $acze 010E $erda 011@ $a2021 $n2021 021A $aVatikán a druhá světová válka $hMarek Šmíd, Tomáš Petráček 028A $BVerfasser $4aut $7102856399X $8Šmíd, Marek$Z1979- [Tp3] $9313781311 028C $BVerfasser $4aut $7134040406 $8Petráček, Tomáš$Z1972- [Tp1] $9195676165 032@ $a1. vydaní 033A $pBrno $nCentrum pro studium demokracie a kultury 034D $a163 Seiten 034I $a20 cm 034M $aPorträts 037A $aLiteraturverzeichnis: Seite 149-155, Register 044K $RPacelli, Francesco $#Pius XII, Pope $#Pacelli, Eugen $#Pacelli, Eugenio $#P. Pacifius $#Pacelli, Eugenio M. $#Pacelli, Eugenio Maria Giuseppe Giovanni $#PieXII. $#Pius XII. $#Pius XII. $#Pius XII $#Pius XII $#Pius XII $#Pie XII $#Pio XII $#Pio XII $#Pius XII $#Pius 12 $#Papst Pius XII. $#Pie XII $#Pio XII $#Pius 12 $#Pius $#Pie XII $#Pio XII $#Pius 12 $#Pius, XII Papa $#Pio $#Pie $7118594753 $8$PPius$nXII.$lPapst$Z1876-1958 [Tp1] $9086935739 044K $RRom $#Vatikanstadt $#Vatikan $#Einwohner von Vatikanstadt $#Vatikanstadt $#Vatikanstaat $#Rom, Vatikan $#Vaticanus $#Vatican City $#Cité du Vatican $#Civitas Vaticana $#Governatorato Vaticano $#Governatorato Città del Vaticano $#Città del Vaticano, Governo Pontificio $#Governo Pontificio Città del Vaticano $#Città del Vaticano, Zentralkomitee $#Zentralkomitee Città del Vaticano $#Città del Vaticano $#Vatikan $#Vaticano $#Staat Vatikanstadt $#Stato della Città del Vaticano $#Vatican $#Vatican City State $#Vatican State $#Etat de la Cité du Vatican $#Staat der Vatikanstadt $#Città del Vaticano Staat $#Cité du Vatican Etat $#Vatikanstadt Staat $#Vatican Etat $#Vaticano Stato $#Vatikan Staat $74062404-3 $8Vatikanstadt [Tg1] $9085173703 044K $RAußenpolitik $RDiplomat $RDiplomatische Beziehungen $#Diplomacy $#Diplomatie $#Diplomacia $#Diplomatie $#Diplomatie $#Beteiligte an internationalen Kontakten $#Bilaterale internationale Konsultation $#Diplomatie $#Diplomatische Kommunikationseinrichtungen $#Geheime internationale Kontakte $#Inoffizielle internationale Kontakte $#Internationale Kontakte $#Internationaler Briefwechsel $#Mehrseitige außenpolitische Erklärung $#Multi-track diplomacy $#Offizielle internationale Kontakte $#Zwischenstaatliche Direktrufleitung $74012402-2 $8Diplomatie [Ts1] $9085026867 044K $RPolitik $RSicherheitspolitik $RInternationale Politik $RDiplomatie $#International relations $#Relations internationales $#Auswärtige Angelegenheiten $#Auswärtige Politik $#Außenbeziehungen Außenpolitik $74003846-4 $8Außenpolitik [Ts1] $9085002038 044K $RWeltkrieg $#World War, 1939-1945 $#Guerre mondiale (1939-1945) $#Weltkrieg 1939-1945 $#2. Weltkrieg $#Weltkrieg 2 $#II. Weltkrieg $#Weltkrieg II $74079167-1 $8Zweiter Weltkrieg [Tsz] $9085224618 044K $#Katolikus Egyház $#RCC $#Katoličeskaj Cerkovʹ $#Katoličke Cerkve $#Katolska Cyrkej $#Katolske Kirke $#Ecclesia Catholica $#Igreja Católica $#Römisch-Katholische Kirche $#Katholikē Ekklēsia $#Catholic Church $#Roman Catholic Church $#Eglise Catholique $#Eglise Catholique Romaine $#Chiesa Cattolica $#Katholieke Kerk $#Iglesia Católica $#Katolické Církve $#Kościoł Katolicki $#Katoličke Crkve $#Eglise catholique romaine $#Chiesa cattolica romana $#Roman catholic Church $#Eglise catholique $#Römische Kirche $72009545-4 $8Katholische Kirche [Tb1] $9042651956 045F $a200.9409043 $eDDC23BSB 045F/01 $a200.9 045F/03 $f09043 045F/03 $f09044 045F/03 $g4 045F/03 $g437 045F/03 $g73 045R $aGeschichte 1939-1945 046L $aEnglische Zusammenfassung lok: 48080537 24 exp: 48080537 24 1 #EPN 201B/01 $026-10-21 $t14:15:48.000 201C/01 $028-06-21 201U/01 $0utf8 203@/01 $01159713618 208@/01 $a26-10-21 $bz 209A/01 $a21.04047 $du $f050 $h21 04047 $x00 209C/01 $a21.04047 K $h21 04047 K 209G/01 $a74253954 $x00 220C/01 $akon 247C/01 $8358050-7 Marburg, Bibliothek des Herder-Instituts Marburg $9102600961
| LEADER | 00000cam a2200000 c 4500 | ||
|---|---|---|---|
| 001 | 480805377 | ||
| 003 | DE-603 | ||
| 005 | 20251114095601.0 | ||
| 007 | tu | ||
| 008 | 210628s2021 xx |||| | u00||u|cze c | ||
| 020 | |a 9788073255183 | ||
| 035 | |a (DE-599)HEB480805377 | ||
| 040 | |a DE-603 |b ger |c DE-603 |d DE-603 |e rda | ||
| 041 | |a cze | ||
| 082 | 0 | 4 | |8 1\u |a 200.9409043 |q DE-101 |2 23/BSB |
| 085 | |8 1\u |b 200.9 | ||
| 085 | |8 1\u |z 1 |s 09043 | ||
| 085 | |8 1\u |z 1 |s 09044 | ||
| 085 | |8 1\u |z 2 |s 4 | ||
| 085 | |8 1\u |z 2 |s 437 | ||
| 085 | |8 1\u |z 2 |s 73 | ||
| 100 | 1 | |a Šmíd, Marek |d 1979- |e Verfasser |4 aut |0 (DE-603)313781311 |0 (DE-588)102856399X |2 gnd | |
| 245 | 0 | 0 | |a Vatikán a druhá světová válka |c Marek Šmíd, Tomáš Petráček |
| 250 | |a 1. vydaní | ||
| 264 | 1 | |a Brno |b Centrum pro studium demokracie a kultury |c 2021 | |
| 300 | |a 163 Seiten |b Porträts |c 20 cm | ||
| 336 | |a Text |b txt |2 rdacontent | ||
| 337 | |a ohne Hilfsmittel zu benutzen |b n |2 rdamedia | ||
| 338 | |a Band |b nc |2 rdacarrier | ||
| 500 | |a Literaturverzeichnis: Seite 149-155, Register | ||
| 546 | |a Englische Zusammenfassung | ||
| 600 | 0 | 7 | |a Pius |b XII. |c Papst |d 1876-1958 |0 (DE-588)118594753 |0 (DE-603)086935739 |2 gnd |
| 610 | 1 | 7 | |a Katholische Kirche |2 gnd |0 (DE-588)2009545-4 |0 (DE-603)042651956 |
| 648 | 7 | |a Geschichte 1939-1945 |2 gnd | |
| 650 | 7 | |a Diplomatie |0 (DE-588)4012402-2 |0 (DE-603)085026867 |2 gnd | |
| 650 | 7 | |a Außenpolitik |0 (DE-588)4003846-4 |0 (DE-603)085002038 |2 gnd | |
| 650 | 7 | |a Zweiter Weltkrieg |0 (DE-588)4079167-1 |0 (DE-603)085224618 |2 gnd | |
| 651 | 7 | |a Vatikanstadt |0 (DE-588)4062404-3 |0 (DE-603)085173703 |2 gnd | |
| 700 | 1 | |a Petráček, Tomáš |d 1972- |e Verfasser |4 aut |0 (DE-603)195676165 |0 (DE-588)134040406 |2 gnd | |
| 856 | 4 | 2 | |m V:DE-603;B:DE-Mb50 |q application/pdf |u http://scans.hebis.de/HEBCGI/show.pl?48080537_toc.pdf |3 Inhaltsverzeichnis |
| 856 | 4 | 2 | |m V:DE-603;B:DE-Mb50 |q application/pdf |u http://scans.hebis.de/HEBCGI/show.pl?48080537_bib.pdf |3 Buch Bibliographie |
| 856 | 4 | 2 | |m V:DE-603;B:DE-Mb50 |q application/pdf |u http://scans.hebis.de/HEBCGI/show.pl?48080537_cov.pdf |3 Cover |
| 856 | 4 | 2 | |m V:DE-603;B:DE-Mb50 |q application/pdf |u http://scans.hebis.de/HEBCGI/show.pl?48080537_idx.pdf |3 Register |
| 856 | 4 | 2 | |m V:DE-603;B:DE-Mb50 |q application/pdf |u http://scans.hebis.de/HEBCGI/show.pl?48080537_sum.pdf |3 Abstract |
| 924 | 0 | |9 Mb 50 |a (DE-603)1159713618 |b DE-Mb50 |c HES |d c |g 21.04047 | |


